Tribhuvan University Central Library

Administration of technical libralies (Record no. 57312)

MARC details
000 -LEADER
fixed length control field 00497 a2200181 4500
082 ## - DEWEY DECIMAL CLASSIFICATION NUMBER
Classification number 026.6
Item number Sa73a
100 ## - MAIN ENTRY--PERSONAL NAME
Personal name Sarkar, P.K.
9 (RLIN) 16406
245 ## - TITLE STATEMENT
Title Administration of technical libralies
260 ## - PUBLICATION, DISTRIBUTION, ETC.
Place of publication, distribution, etc. New Delhi
Name of publisher, distributor, etc. Sterling Publishers
Date of publication, distribution, etc. 1977
300 ## - PHYSICAL DESCRIPTION
Extent ix,196p.
504 ## - BIBLIOGRAPHY, ETC. NOTE
Bibliography, etc. note Includes bibliographies
650 ## - SUBJECT ADDED ENTRY--TOPICAL TERM
Topical term or geographic name entry element Libraries
9 (RLIN) 507
650 ## - SUBJECT ADDED ENTRY--TOPICAL TERM
Topical term or geographic name entry element Technical libraries
9 (RLIN) 16407
650 ## - SUBJECT ADDED ENTRY--TOPICAL TERM
Topical term or geographic name entry element Library administration
650 ## - SUBJECT ADDED ENTRY--TOPICAL TERM
Topical term or geographic name entry element Library management
653 ## - INDEX TERM--UNCONTROLLED
Uncontrolled term Library science
942 ## - ADDED ENTRY ELEMENTS (KOHA)
Source of classification or shelving scheme Dewey Decimal Classification
Koha item type General Collections

No items available.